000 00510nam a2200169 i 4500
001 56368
003 ES-MaACL
005 20250811063135.0
007 t|
008 031008s1979 sp ||||1| spa d
100 1 _aDíez-Picazo, Luis,
_d1931-
_9156922
245 1 0 _aDerecho y masificación social
_b: tecnología y derecho privado /
_cLuis Díez-Picazo.
260 _a[Madrid] :
_bCivitas,
_c[1979]
300 _a136 p. ;
_c18 cm.
852 _aES-MaACL
_jL-2390
_bR.103067
999 _c56368
_d56368